Where is God when it hurts / (Record no. 3656)

MARC details
000 -LEADER
fixed length control field 00733cam a2200241 i 4500
001 - CONTROL NUMBER
control field 3193242
003 - CONTROL NUMBER IDENTIFIER
control field GBCCL
005 - DATE AND TIME OF LATEST TRANSACTION
control field 20241126110459.0
008 - FIXED-LENGTH DATA ELEMENTS--GENERAL INFORMATION
fixed length control field 770818s1977 miu b 000 0 eng
010 ## -
-- 77012776
020 ## - INTERNATIONAL STANDARD BOOK NUMBER
International Standard Book Number 0310354102.
-- 0310354110
040 ## - CATALOGING SOURCE
Original cataloging agency DLC
Transcribing agency DLC
Modifying agency DLC
050 00 -
-- BT732.7
-- .Y36
082 00 - DEWEY DECIMAL CLASSIFICATION NUMBER
Classification number 248.86
Item number YAN
100 1# - MAIN ENTRY--PERSONAL NAME
Personal name Yancey, Philip.
9 (RLIN) 6524
245 10 - TITLE STATEMENT
Title Where is God when it hurts /
Statement of responsibility, etc. Philip Yancey.
260 ## - PUBLICATION, DISTRIBUTION, ETC.
Place of publication, distribution, etc. Grand Rapids, Mich. :
Name of publisher, distributor, etc. Zondervan Pub. House,
Date of publication, distribution, etc. c1977.
300 ## - PHYSICAL DESCRIPTION
Extent 187 p. ;
Dimensions 21 cm.
504 ## - BIBLIOGRAPHY, ETC. NOTE
Bibliography, etc. note Includes bibliographical references.
650 #0 - SUBJECT ADDED ENTRY--TOPICAL TERM
Topical term or geographic name entry element Suffering
General subdivision Religious aspects
-- Christianity.
9 (RLIN) 472
906 ## - LOCAL DATA ELEMENT F, LDF (RLIN)
a 7
b cbc
c orignew
d 1
e ocip
f 19
g y-gencatlg
942 ## - ADDED ENTRY ELEMENTS (KOHA)
Source of classification or shelving scheme Dewey Decimal Classification
Koha item type Books
Koha issues (borrowed), all copies 8
Holdings
Withdrawn status Lost status Source of classification or shelving scheme Damaged status Not for loan Home library Current Library Shelving location Date acquired Total checkouts Full call number Barcode Date last seen Date last checked out Copy number Price effective from Koha item type
    Dewey Decimal Classification     GRACE BIBLE COLLEGE GRACE BIBLE COLLEGE Ministry & Mission 2017-11-30 9 248.86 YAN 003554 2025-05-01 2025-02-19 c.1 2017-11-30 Books
© Grace Bible College Library 2025